[Event "Swiss Queens Wed #3"]
[Site "FIDE Online Arena INT"]
[Date "2024.02.14"]
[Round "3"]
[White "Corrales Jimenez, Zenia"]
[Black "Travkina, Anastasia"]
[Result "0-1"]
[WhiteElo "2153"]
[BlackElo "2202"]
[PlyCount "110"]
[EventDate "2024.02.14"]
[EventType "swiss (blitz)"]
[EventRounds "11"]
[EventCountry "NET"]
[SourceTitle "CB08_2024"]
[SourceDate "2024.02.21"]
[SourceVersion "1"]
[SourceVersionDate "2024.02.21"]
[SourceQuality "1"]

1. e4 c5 2. Nf3 d6 3. c3 Nf6 4. Bd3 g6 5. 0-0 Bg7 6. Bc2 Nc6 7. d4 cxd4 8. cxd4 Bg4 9. Nc3 Bxf3 10. gxf3 0-0 11. Kh1 Nh5 12. Be3 e5 13. d5 Nd4 14. Bxd4 exd4 15. Ne2 Be5 16. Ng3 Qh4 17. Rg1 Kh8 18. Bd3 f5 19. exf5 gxf5 20. Rg2 Nf4 21. Rg1 Qh3 22. Qf1 Qxf1 23. Bxf1 Rac8 24. Ne2 Rc2 25. Nxf4 Bxf4 26. Rd1 Rxf2 27. Rg2 Rxf3 28. Be2 Rh3 29. Rxd4 Be5 30. Rb4 f4 31. Rxb7 f3 32. Rf2 Bg3 33. Rxf3 Rxf3 34. Bxf3 Rxh2+ 35. Kg1 Be5 36. b3 Rxa2 37. Bg4 a5 38. Be6 Rb2 39. Bf5 a4 40. Rxh7+ Kg8 41. bxa4 Ra2 42. Rh4 Kg7 43. Rg4+ Kf6 44. Rc4 Kxf5 45. Kf1 Bf4 46. Ke1 Ke5 47. Kd1 Be3 48. Rb4 Kxd5 49. Rb5+ Ke4 50. Rb4+ Ke5 51. Rb5+ d5 52. Rb4 d4 53. Rb8 Ke4 54. Re8+ Kd3 55. Ke1 Ra1# 0-1

[Event "Swiss Queens Wed #3"]
[Site "FIDE Online Arena INT"]
[Date "2024.02.14"]
[Round "11"]
[White "Corrales Jimenez, Zenia"]
[Black "Vidruska, Renate"]
[Result "1-0"]
[WhiteElo "2153"]
[BlackElo "1963"]
[PlyCount "71"]
[EventDate "2024.02.14"]
[EventType "swiss (blitz)"]
[EventRounds "11"]
[EventCountry "NET"]
[SourceTitle "CB08_2024"]
[SourceDate "2024.02.21"]
[SourceVersion "1"]
[SourceVersionDate "2024.02.21"]
[SourceQuality "1"]

1. e4 e5 2. Nf3 Nf6 3. d4 Nxe4 4. Nxe5 d5 5. Bd3 Nd7 6. Nxf7 Kxf7 7. Qh5+ g6 8. Qxd5+ Kg7 9. Qxe4 Nf6 10. Bg5 Bb4+ 11. Kf1 Bf5 12. Bxf6+ Qxf6 13. Qf3 Rhe8 14. Nc3 Qxd4 15. Bxf5 gxf5 16. Qxf5 Rf8 17. Qg5+ Kh8 18. Qg3 Rad8 19. Re1 Rf7 20. Re4 Qf6 21. Rxb4 c5 22. Rg4 b5 23. a3 b4 24. axb4 cxb4 25. Rxb4 Qa6+ 26. Ke1 Qa1+ 27. Ke2 Re7+ 28. Re4 Rxe4+ 29. Nxe4 Qxh1 30. Qe5+ Kg8 31. Qg5+ Kh8 32. Qxd8+ Kg7 33. Qf6+ Kg8 34. Ng5 Qxh2 35. Qf7+ Kh8 36. Qf8# 1-0

[Event "MEX-ch (Women)"]
[Site "Mexico City"]
[Date "2023.11.11"]
[Round "6"]
[White "Castellanos Hernandez, Lhia Itzayana"]
[Black "Corrales Jimenez, Zenia"]
[Result "0-1"]
[WhiteElo "1890"]
[BlackElo "2140"]
[PlyCount "88"]
[EventDate "2023.11.07"]
[EventType "swiss"]
[EventRounds "9"]
[EventCountry "MEX"]
[SourceTitle "CB47_2023"]
[SourceDate "2023.11.22"]
[SourceVersion "1"]
[SourceVersionDate "2023.11.22"]
[SourceQuality "1"]

1. e4 c5 2. Nf3 d6 3. Bb5+ Bd7 4. Bxd7+ Qxd7 5. c4 g6 6. Nc3 Bg7 7. d4 cxd4 8. Nxd4 Nf6 9. f3 Nc6 10. Be3 0-0 11. 0-0 a6 12. Rc1 Nxd4 13. Bxd4 b5 14. c5 dxc5 15. Bxc5 Qe6 16. Qb3 Qxb3 17. axb3 Rfe8 18. Rcd1 e6 19. f4 Rec8 20. b4 Bf8 21. Bxf8 Kxf8 22. f5 exf5 23. exf5 Rc6 24. fxg6 hxg6 25. Nd5 Nxd5 26. Rxd5 Ra7 27. Rc5 Rd6 28. Ra1 Re7 29. Rc3 Re2 30. b3 Rf6 31. Rf3 Rxf3 32. gxf3 Rb2 33. Ra3 Kg7 34. f4 f5 35. Rxa6 Rxb3 36. Ra7+ Kh6 37. Kg2 Rxb4 38. Kg3 Rb3+ 39. Kg2 b4 40. Rb7 g5 41. fxg5+ Kxg5 42. Rg7+ Kf4 43. h4 Rb2+ 44. Kh1 b3 0-1

[Event "MEX-ch (Women)"]
[Site "Mexico City"]
[Date "2023.11.11"]
[Round "8"]
[White "Miranda Rodriguez, Tania"]
[Black "Corrales Jimenez, Zenia"]
[Result "1-0"]
[WhiteElo "2128"]
[BlackElo "2140"]
[PlyCount "117"]
[EventDate "2023.11.07"]
[EventType "swiss"]
[EventRounds "9"]
[EventCountry "MEX"]
[SourceTitle "CB47_2023"]
[SourceDate "2023.11.22"]
[SourceVersion "1"]
[SourceVersionDate "2023.11.22"]
[SourceQuality "1"]

1. e4 c5 2. Nf3 d6 3. d4 cxd4 4. Nxd4 Nf6 5. Nc3 g6 6. Be3 Bg7 7. f3 Nc6 8. Qd2 0-0 9. 0-0-0 d5 10. exd5 Nxd5 11. Nxc6 bxc6 12. Bd4 e5 13. Bc5 Re8 14. Ne4 Be6 15. h4 h5 16. Bc4 Nf4 17. Qb4 Qb8 18. Qxb8 Rexb8 19. Bxe6 Nxe6 20. Bd6 Re8 21. Rhe1 a5 22. a4 Nd4 23. Bc5 Rab8 24. Nd6 Red8 25. Nc4 Rd5 26. Bb6 Rb7 27. Bxd4 exd4 28. Re8+ Kh7 29. Ra8 Rc5 30. Nxa5 d3 31. c3 Rb4 32. Rxd3 Rxa4 33. Nb3 Rxc3+ 34. Rxc3 Rxa8 35. Rxc6 Rb8 36. Kc2 Be5 37. Rc4 Kg7 38. Nd4 Bf6 39. b4 Bxh4 40. Nf5+ gxf5 41. Rxh4 Kf6 42. Rd4 Ke5 43. Kc3 Rc8+ 44. Rc4 Rg8 45. b5 Rxg2 46. b6 Rg8 47. Kb4 f4 48. Kb5 Kd6 49. b7 Kd7 50. Kb6 h4 51. Rxf4 Rg1 52. Rd4+ Ke6 53. b8Q Rb1+ 54. Kc7 Rxb8 55. Kxb8 h3 56. Rh4 Kf5 57. Rxh3 Kf4 58. Kc7 Ke3 59. Kd6 1-0

[Event "Cancun Camara Cup 11th"]
[Site "Cancun"]
[Date "2023.10.14"]
[Round "6"]
[White "Corrales Jimenez, Zenia"]
[Black "Torres Rosas, Luis Carlos"]
[Result "0-1"]
[WhiteElo "2146"]
[BlackElo "2271"]
[PlyCount "76"]
[EventDate "2023.10.11"]
[EventType "swiss"]
[EventRounds "9"]
[EventCountry "MEX"]
[SourceTitle "Mega2024 Update 01"]
[Source "Chessbase"]
[SourceDate "2023.11.12"]
[SourceVersion "1"]
[SourceVersionDate "2023.11.12"]
[SourceQuality "1"]

1. e4 c5 2. Nf3 Nc6 3. d4 cxd4 4. Nxd4 Nf6 5. Nc3 e5 6. Ndb5 d6 7. Bg5 a6 8. Na3 b5 9. Nd5 Be7 10. Bxf6 Bxf6 11. c4 b4 12. Nc2 a5 13. Be2 0-0 14. 0-0 g6 15. Qd3 Bg5 16. Rad1 Be6 17. Bf3 h5 18. Nde3 Bxe3 19. Nxe3 Nd4 20. Be2 b3 21. a3 Qg5 22. Kh1 h4 23. h3 Qf4 24. Ng4 f5 25. exf5 Bxf5 26. Qd2 Bc2 27. Bd3 Bxd1 28. Rxd1 Qxd2 29. Rxd2 Kg7 30. c5 dxc5 31. Nxe5 Rf6 32. Nd7 Rd6 33. Nxc5 Rc8 34. Nb7 Rd5 35. Be4 Rc1+ 36. Kh2 Nf3+ 37. Bxf3 Rxd2 38. Nxa5 Rxb2 0-1

[Event "Cancun Camara Cup 11th"]
[Site "Cancun"]
[Date "2023.10.14"]
[Round "7"]
[White "Fernandez Cardoso, Alexey"]
[Black "Corrales Jimenez, Zenia"]
[Result "1-0"]
[WhiteElo "2429"]
[BlackElo "2146"]
[PlyCount "63"]
[EventDate "2023.10.11"]
[EventType "swiss"]
[EventRounds "9"]
[EventCountry "MEX"]
[SourceTitle "Mega2024 Update 01"]
[Source "Chessbase"]
[SourceDate "2023.11.12"]
[SourceVersion "1"]
[SourceVersionDate "2023.11.12"]
[SourceQuality "1"]

1. e4 c5 2. Nc3 Nc6 3. Bb5 Nd4 4. Bc4 e6 5. Nge2 a6 6. Nxd4 cxd4 7. Ne2 b5 8. Bb3 Bc5 9. c3 dxc3 10. bxc3 Bb7 11. d4 Bb6 12. f3 Ne7 13. 0-0 0-0 14. Kh1 f5 15. e5 Nd5 16. a4 Qc7 17. Qd3 Rfc8 18. Bd2 Bc6 19. Rfc1 Ba5 20. axb5 axb5 21. Rab1 Qd8 22. Nf4 Nxf4 23. Bxf4 Qf8 24. d5 exd5 25. Bxd5+ Bxd5 26. Qxd5+ Qf7 27. Qxb5 Bxc3 28. Qb7 d5 29. exd6 Qxb7 30. Rxb7 Be5 31. Rxc8+ Rxc8 32. d7 1-0

[Event "Cancun Camara Cup 11th"]
[Site "Cancun"]
[Date "2023.10.13"]
[Round "5"]
[White "Neira Garcia, Llirbel Anei"]
[Black "Corrales Jimenez, Zenia"]
[Result "0-1"]
[WhiteElo "1934"]
[BlackElo "2146"]
[PlyCount "106"]
[EventDate "2023.10.11"]
[EventType "swiss"]
[EventRounds "9"]
[EventCountry "MEX"]
[SourceTitle "Mega2024 Update 01"]
[Source "Chessbase"]
[SourceDate "2023.11.12"]
[SourceVersion "1"]
[SourceVersionDate "2023.11.12"]
[SourceQuality "1"]

1. d4 Nf6 2. Nc3 d5 3. Bf4 g6 4. e3 a6 5. h4 Bg7 6. Nf3 c5 7. Be2 Nc6 8. dxc5 Qa5 9. Qd2 Qxc5 10. 0-0-0 Bf5 11. Nd4 Nxd4 12. exd4 Qc6 13. f3 h5 14. Rde1 b5 15. Bd3 Bxd3 16. Qxd3 b4 17. Ne2 Qc4 18. Qxc4 dxc4 19. Be5 0-0 20. Ng3 Bh6+ 21. Kb1 Nd5 22. Ne4 c3 23. g4 hxg4 24. fxg4 cxb2 25. Kxb2 Ne3 26. g5 Nc4+ 27. Kb1 Nxe5 28. dxe5 Bg7 29. Nc5 Rfc8 30. Nd3 Rc4 31. e6 f6 32. gxf6 Bxf6 33. h5 g5 34. Ne5 Rh4 35. Rxh4 gxh4 36. Nd7 Bc3 37. Rh1 Kh7 38. Rxh4 Rg8 39. Rh1 Rg5 40. Nb8 a5 41. Nc6 Bf6 42. Kc1 Rc5 43. Nd8 a4 44. Rh3 a3 45. Rf3 Rxh5 46. Nc6 Rh4 47. Rxf6 exf6 48. e7 Re4 49. Nxb4 Rxe7 50. c3 f5 51. Nd5 Re2 52. c4 Rxa2 53. c5 Rg2 0-1

[Event "Olympiad Women-44"]
[Site "Chennai"]
[Date "2022.08.09"]
[Round "11.1"]
[White "Brunello, Marina"]
[Black "Corrales Jimenez, Zenia"]
[Result "1/2-1/2"]
[WhiteElo "2341"]
[BlackElo "2143"]
[PlyCount "86"]
[EventDate "2022.07.29"]
[EventType "team-swiss"]
[EventRounds "11"]
[EventCountry "IND"]
[SourceTitle "CBM 210"]
[Source "ChessBase"]
[SourceDate "2022.10.31"]
[SourceVersion "1"]
[SourceVersionDate "2022.10.31"]
[SourceQuality "1"]
[WhiteTeam "Italy (W)"]
[BlackTeam "Mexico (W)"]
[WhiteTeamCountry "ITA"]
[BlackTeamCountry "MEX"]

1. e4 c5 2. Nf3 d6 3. d4 cxd4 4. Nxd4 Nf6 5. Nc3 g6 6. Be3 Bg7 7. f3 0-0 8. Qd2 Nc6 9. 0-0-0 d5 10. exd5 Nxd5 11. Nxc6 bxc6 12. Bd4 Nxc3 13. Qxc3 Bh6+ 14. Be3 Bxe3+ 15. Qxe3 Qb6 16. Qc3 Ba6 17. h4 Bxf1 18. Rhxf1 Qb5 19. b3 Rad8 20. g4 Rd5 21. a4 Qb6 22. Rfe1 e6 23. h5 Rfd8 24. Rxd5 Rxd5 25. h6 Qd4 26. Kb2 Kf8 27. Qxd4 Rxd4 28. Re5 Ke7 29. Ra5 Rd7 30. Kc3 f6 31. f4 e5 32. fxe5 f5 33. gxf5 gxf5 34. Rc5 Ke6 35. Rxc6+ Kxe5 36. Rc8 f4 37. Rf8 Ke4 38. b4 f3 39. b5 Ke3 40. Re8+ Kf4 41. Rf8+ Ke3 42. Re8+ Kf4 43. Rf8+ Ke5 1/2-1/2

[Event "Olympiad Women-44"]
[Site "Chennai"]
[Date "2022.08.08"]
[Round "10.1"]
[White "Corrales Jimenez, Zenia"]
[Black "Stojkovska, Monika"]
[Result "1-0"]
[WhiteElo "2143"]
[BlackElo "2091"]
[PlyCount "93"]
[EventDate "2022.07.29"]
[EventType "team-swiss"]
[EventRounds "11"]
[EventCountry "IND"]
[SourceTitle "CBM 210"]
[Source "ChessBase"]
[SourceDate "2022.10.31"]
[SourceVersion "1"]
[SourceVersionDate "2022.10.31"]
[SourceQuality "1"]
[WhiteTeam "Mexico (W)"]
[BlackTeam "North Macedonia (W)"]
[WhiteTeamCountry "MEX"]
[BlackTeamCountry "MKD"]

1. e4 c5 2. Nf3 d6 3. d4 cxd4 4. Qd2 d3 5. Qxd3 Nc6 6. Qe3 Nf6 7. Be2 e6 8. c4 Be7 9. 0-0 0-0 10. Nc3 Qc7 11. h3 Rd8 12. Rd1 a6 13. b3 d5 14. e5 d4 15. Nxd4 Rxd4 16. exf6 Rxd1+ 17. Bxd1 Bxf6 18. Nd5 Qd8 19. Nxf6+ Qxf6 20. Rb1 e5 21. Rb2 Bf5 22. Rd2 Rd8 23. Bb2 Rxd2 24. Qxd2 Qe7 25. Bf3 e4 26. Be2 Qd7 27. Qxd7 Bxd7 28. f3 Bf5 29. Kf2 f6 30. Ke3 exf3 31. Bxf3 Kf7 32. b4 Bc8 33. b5 axb5 34. cxb5 Ne5 35. Bxe5 fxe5 36. Ke4 Kf6 37. b6 Bd7 38. Ke3 Bc8 39. a4 Ke7 40. a5 Kd6 41. a6 bxa6 42. b7 Bxb7 43. Bxb7 a5 44. Ke4 a4 45. Bd5 a3 46. Ba2 g6 47. g4 1-0

[Event "Olympiad Women-44"]
[Site "Chennai"]
[Date "2022.08.05"]
[Round "7.1"]
[White "Sukandar, Irine Kharisma"]
[Black "Corrales Jimenez, Zenia"]
[Result "1/2-1/2"]
[WhiteElo "2373"]
[BlackElo "2143"]
[PlyCount "88"]
[EventDate "2022.07.29"]
[EventType "team-swiss"]
[EventRounds "11"]
[EventCountry "IND"]
[SourceTitle "CBM 210"]
[Source "ChessBase"]
[SourceDate "2022.10.31"]
[SourceVersion "1"]
[SourceVersionDate "2022.10.31"]
[SourceQuality "1"]
[WhiteTeam "Indonesia (W)"]
[BlackTeam "Mexico (W)"]
[WhiteTeamCountry "INA"]
[BlackTeamCountry "MEX"]

1. e4 c5 2. Nf3 d6 3. d4 cxd4 4. Nxd4 Nf6 5. Nc3 g6 6. Be3 Bg7 7. f3 0-0 8. Qd2 Nc6 9. g4 Be6 10. Nxe6 fxe6 11. 0-0-0 Ne5 12. Be2 Qc8 13. h4 Nfd7 14. h5 Nxf3 15. Nd5 exd5 16. Qxd5+ Rf7 17. hxg6 hxg6 18. Bxf3 Ne5 19. Be2 Qc6 20. Bd4 Qxd5 21. exd5 Rf4 22. Bxe5 Bxe5 23. Rdf1 Rxf1+ 24. Rxf1 Rf8 25. Rxf8+ Kxf8 26. Bb5 Kf7 27. Bd7 Kf6 28. c3 Bf4+ 29. Kc2 Ke5 30. Be6 a5 31. Kd3 g5 32. Kc4 Bc1 33. b4 axb4 34. cxb4 Ba3 35. Kb3 Bc1 36. a4 b5 37. axb5 Be3 38. b6 Bxb6 39. Kc4 Bf2 40. Kb5 Be1 41. Ka4 Kd4 42. Kb3 Bd2 43. Bf7 Be1 44. Be6 Bd2 1/2-1/2

[Event "Olympiad Women-44"]
[Site "Chennai"]
[Date "2022.08.01"]
[Round "4.1"]
[White "Vega Gutierrez, Sabrina Neide"]
[Black "Corrales Jimenez, Zenia"]
[Result "1-0"]
[WhiteElo "2366"]
[BlackElo "2143"]
[PlyCount "69"]
[EventDate "2022.07.29"]
[EventType "team-swiss"]
[EventRounds "11"]
[EventCountry "IND"]
[SourceTitle "CBM 210"]
[Source "ChessBase"]
[SourceDate "2022.10.31"]
[SourceVersion "1"]
[SourceVersionDate "2022.10.31"]
[SourceQuality "1"]
[WhiteTeam "Spain (W)"]
[BlackTeam "Mexico (W)"]
[WhiteTeamCountry "ESP"]
[BlackTeamCountry "MEX"]

1. e4 c5 2. Nf3 Nc6 3. d4 cxd4 4. Nxd4 Nf6 5. Nc3 d6 6. Be2 g6 7. 0-0 Bg7 8. Nb3 0-0 9. Re1 Be6 10. Bf1 d5 11. Nc5 d4 12. Nxe6 fxe6 13. Nb1 Rc8 14. Nd2 h6 15. e5 Nd7 16. Bc4 Ndxe5 17. Bxe6+ Kh7 18. Bxc8 Qxc8 19. a3 Qf5 20. Ne4 Nc4 21. Qe2 Qd5 22. Qd3 Nd6 23. Nxd6 Qxd6 24. Bd2 Rf5 25. Re4 Qf6 26. f4 Qd6 27. Rae1 e5 28. Rf1 Rf7 29. fxe5 Rxf1+ 30. Qxf1 Nxe5 31. Qb5 Qc7 32. Bf4 d3 33. cxd3 a6 34. Qb4 g5 35. Rxe5 1-0

[Event "Iberoamerican-ch 8th"]
[Site "Mexico City"]
[Date "2022.02.16"]
[Round "6"]
[White "Corrales Jimenez, Zenia"]
[Black "Nava Ruiz, Miguel Angel"]
[Result "1-0"]
[WhiteElo "2151"]
[BlackElo "1696"]
[PlyCount "131"]
[EventDate "2022.02.12"]
[EventType "swiss"]
[EventRounds "9"]
[EventCountry "MEX"]
[SourceTitle "CBM 206 Extra"]
[Source "ChessBase"]
[SourceDate "2022.03.31"]
[SourceVersion "1"]
[SourceVersionDate "2022.03.31"]
[SourceQuality "1"]

1. e4 c6 2. d4 d5 3. Nc3 dxe4 4. Nxe4 Nf6 5. Ng3 g6 6. Nf3 Bg7 7. Bc4 c5 8. c3 cxd4 9. Nxd4 0-0 10. 0-0 Qc7 11. Qb3 Nc6 12. Nxc6 Qxc6 13. Be3 b6 14. Be2 Be6 15. c4 Rac8 16. Rac1 Ng4 17. Bg5 Qc5 18. Bd2 Rfd8 19. Bb4 Qc7 20. Qa3 a5 21. Bc3 Ne5 22. b3 Nc6 23. Bxg7 Kxg7 24. c5 Bd5 25. Qb2+ Kg8 26. Ba6 Rb8 27. cxb6 Qxb6 28. Bc4 a4 29. Bxd5 Rxd5 30. Qc3 Nb4 31. bxa4 Nxa2 32. Qc4 Qb3 33. Qxb3 Rxb3 34. Rc7 Re5 35. Rc2 Nb4 36. Rc8+ Kg7 37. Rb8 Ra5 38. Ne4 Rb2 39. Nc3 Rc5 40. Nd1 Rb1 41. Ne3 Rcc1 42. g3 Kf6 43. Kg2 Rxf1 44. Nxf1 Rb2 45. a5 Nd3 46. Rxb2 Nxb2 47. Nd2 Na4 48. Ne4+ Kf5 49. Kf3 h6 50. Ke3 Ke5 51. g4 Kd5 52. h4 Kc6 53. h5 gxh5 54. gxh5 Nc5 55. Ng5 Nd7 56. Nxf7 Nf6 57. Nxh6 Nxh5 58. Nf5 Kb5 59. Nxe7 Kxa5 60. Ke4 Kb5 61. Ke5 Kc4 62. Nd5 Kc5 63. Nf4 Ng7 64. Ne6+ Nxe6 65. Kxe6 Kd4 66. f4 1-0

[Event "Iberoamerican-ch 8th"]
[Site "Mexico City"]
[Date "2022.02.13"]
[Round "3"]
[White "Rosales Villegas, Israel"]
[Black "Corrales Jimenez, Zenia"]
[Result "0-1"]
[WhiteElo "1856"]
[BlackElo "2151"]
[PlyCount "83"]
[EventDate "2022.02.12"]
[EventType "swiss"]
[EventRounds "9"]
[EventCountry "MEX"]
[SourceTitle "CBM 206 Extra"]
[Source "ChessBase"]
[SourceDate "2022.03.31"]
[SourceVersion "1"]
[SourceVersionDate "2022.03.31"]
[SourceQuality "1"]

1. e4 c5 2. Nc3 Nc6 3. g3 g6 4. Bg2 Bg7 5. Nge2 d6 6. d3 e6 7. 0-0 Nge7 8. Bg5 Nd4 9. Qd2 0-0 10. Rab1 f6 11. Be3 Nec6 12. Nd1 e5 13. c3 Nxe2+ 14. Qxe2 Be6 15. b3 f5 16. f4 Qd7 17. Qd2 b6 18. Nf2 d5 19. Qe1 fxe4 20. dxe4 d4 21. Bd2 exf4 22. gxf4 dxc3 23. Bxc3 Bxc3 24. Qxc3 Rxf4 25. Nd3 Rxf1+ 26. Rxf1 Qd4+ 27. Qxd4 Nxd4 28. Nf4 Rf8 29. Nd3 Ne2+ 30. Kh1 Rxf1+ 31. Bxf1 Nc3 32. Nf4 Kf7 33. e5 Nxa2 34. Bc4 Bxc4 35. bxc4 Nb4 36. Kg2 a5 37. Kf3 a4 38. Ne2 a3 39. Nc1 a2 40. Nb3 Nc2 41. Ke4 Ke6 42. Kd3 0-1

[Event "Titled Tuesday intern op 23rd Nov"]
[Site "Chess.com INT"]
[Date "2021.11.23"]
[Round "3"]
[White "Corrales Jimenez, Zenia"]
[Black "Kiltti, Jyrki"]
[Result "0-1"]
[WhiteElo "2198"]
[BlackElo "2199"]
[PlyCount "36"]
[EventDate "2021.11.23"]
[EventType "swiss (blitz)"]
[EventRounds "11"]
[EventCountry "USA"]
[SourceTitle "CBM 205 Extra"]
[Source "ChessBase"]
[SourceDate "2022.01.31"]
[SourceVersion "1"]
[SourceVersionDate "2022.01.31"]
[SourceQuality "1"]

1. e4 Nc6 2. d4 e5 3. Nf3 exd4 4. Nxd4 Qh4 5. Nc3 Bb4 6. Ndb5 Ba5 7. Qf3 a6 8. g3 Qe7 9. Bd2 axb5 10. Bxb5 Nd4 11. Qd3 Nxb5 12. Qxb5 Nf6 13. 0-0 c6 14. Qd3 0-0 15. Rfe1 d6 16. Bg5 Bxc3 17. Qxc3 Qe5 18. Qd2 Nxe4 0-1

[Event "Mexico City Latinoamericano-C 1st"]
[Site "Mexico City"]
[Date "2021.11.07"]
[Round "8"]
[White "Sanchez Enriquez, Oscar Gerardo"]
[Black "Corrales Jimenez, Zenia"]
[Result "1/2-1/2"]
[WhiteElo "2322"]
[BlackElo "2198"]
[PlyCount "85"]
[EventDate "2021.11.04"]
[EventType "tourn"]
[EventRounds "9"]
[EventCountry "MEX"]
[EventCategory "1"]
[SourceTitle "CBM 205 Extra"]
[Source "ChessBase"]
[SourceDate "2022.01.31"]
[SourceVersion "1"]
[SourceVersionDate "2022.01.31"]
[SourceQuality "1"]

1. d4 Nf6 2. c4 g6 3. Nd2 d5 4. cxd5 Qxd5 5. Ngf3 Bg7 6. e4 Qd8 7. Bb5+ c6 8. Be2 0-0 9. 0-0 Nh5 10. Nb3 Nf6 11. Qc2 Nbd7 12. Bf4 Re8 13. Rfd1 Nh5 14. Be3 e6 15. h3 Nhf6 16. Rd2 Qe7 17. Rad1 h6 18. Na5 Qb4 19. Nc4 Nb6 20. Nce5 Qa4 21. b3 Qb4 22. Nxf7 Kxf7 23. Ne5+ Kg8 24. Nxg6 Nbd7 25. e5 Nd5 26. Qe4 Nc3 27. Qg4 Nxd1 28. Rxd1 Nf8 29. Bd3 Nxg6 30. Qxg6 Kf8 31. Be2 Bd7 32. Rd3 Ke7 33. Qxg7+ Kd8 34. Bd2 Qa3 35. Qxh6 Kc7 36. d5 exd5 37. b4 Qxa2 38. Qd6+ Kc8 39. Bf4 Re6 40. Qf8+ Re8 41. Qd6 Re6 42. Qf8+ Re8 43. Qd6 1/2-1/2

[Event "Online Olym Div2 D"]
[Site "Chess.com INT"]
[Date "2021.09.03"]
[Round "5.3"]
[White "Corrales Jimenez, Zenia"]
[Black "De Leon, Patricia O"]
[Result "0-1"]
[WhiteElo "2198"]
[BlackElo "2004"]
[PlyCount "142"]
[EventDate "2021.09.02"]
[EventType "team (rapid)"]
[EventRounds "9"]
[EventCountry "USA"]
[SourceTitle "CBM 204 Extra"]
[Source "ChessBase"]
[SourceDate "2021.11.30"]
[SourceVersion "1"]
[SourceVersionDate "2021.11.30"]
[SourceQuality "1"]
[WhiteTeam "Mexico"]
[BlackTeam "Uruguay"]
[WhiteTeamCountry "MEX"]
[BlackTeamCountry "URU"]

1. e4 e6 2. d4 d5 3. Nc3 dxe4 4. Nxe4 Nd7 5. Nf3 Ngf6 6. Bd3 c5 7. dxc5 Nxe4 8. Bxe4 Nxc5 9. Qxd8+ Kxd8 10. Ng5 f6 11. Nf7+ Ke7 12. Nxh8 Nxe4 13. f3 Nc5 14. Be3 b6 15. h4 Bd7 16. 0-0-0 Be8 17. h5 e5 18. f4 Ke6 19. fxe5 fxe5 20. g4 Be7 21. h6 g6 22. Rhf1 Ne4 23. Rf3 Nd6 24. g5 Bc6 25. Rff1 Rxh8 26. b3 Nf5 27. Bd2 Rd8 28. c4 Bc5 29. Rfe1 Ba3+ 30. Kc2 Bf3 31. Rb1 Nd4+ 32. Kc3 a5 33. Rf1 Bb4+ 34. Kd3 Nf5+ 35. Kc2 Rxd2+ 36. Kc1 Be4 37. Rb2 Rxb2 38. Kxb2 Bd2 39. Rg1 Bd3 40. Rd1 Bxg5 41. Rxd3 Bxh6 42. Rh3 e4 43. a3 e3 44. Kc2 Ke5 45. Kd3 Kf4 46. b4 axb4 47. axb4 Kg4 48. Rh1 Kf3 49. Rf1+ Kg2 50. Re1 Kf2 51. Re2+ Kf3 52. c5 bxc5 53. bxc5 Ng3 54. Re1 Kf2 55. Rb1 e2 56. c6 Bf4 57. Rb2 Kf1 58. Rb4 e1Q 59. Rxf4+ Kg2 60. c7 Qc1 61. Rc4 Qf1+ 62. Kc3 Qf6+ 63. Kc2 Qf5+ 64. Kb3 Qb5+ 65. Kc3 Ne2+ 66. Kd3 Nf4+ 67. Kc3 Nd5+ 68. Kd4 Nxc7 69. Rxc7 Qb6+ 70. Rc5 Qxc5+ 71. Kxc5 h5 0-1

[Event "Online Olym Div2 D"]
[Site "Chess.com INT"]
[Date "2021.09.03"]
[Round "6.4"]
[White "Janzelj, Lara"]
[Black "Corrales Jimenez, Zenia"]
[Result "0-1"]
[WhiteElo "2186"]
[BlackElo "2198"]
[PlyCount "48"]
[EventDate "2021.09.02"]
[EventType "team (rapid)"]
[EventRounds "9"]
[EventCountry "USA"]
[SourceTitle "CBM 204 Extra"]
[Source "ChessBase"]
[SourceDate "2021.11.30"]
[SourceVersion "1"]
[SourceVersionDate "2021.11.30"]
[SourceQuality "1"]
[WhiteTeam "Slovenia"]
[BlackTeam "Mexico"]
[WhiteTeamCountry "SLO"]
[BlackTeamCountry "MEX"]

1. d4 Nf6 2. c4 g6 3. Nc3 d5 4. cxd5 Nxd5 5. e4 Nxc3 6. bxc3 Bg7 7. Qa4+ Qd7 8. Bb5 c6 9. Be2 0-0 10. Be3 c5 11. Qxd7 Bxd7 12. Rb1 cxd4 13. cxd4 Nc6 14. Rxb7 Bc8 15. Rc7 Nxd4 16. Rxe7 Nc2+ 17. Kd2 Nxe3 18. Kxe3 Be6 19. a4 Rfc8 20. Nf3 Bh6+ 21. Kd4 Rc2 22. Rxe6 fxe6 23. Bb5 Rd8+ 24. Ke5 Kf7 0-1

[Event "Villahermosa Mexican op (Women)"]
[Site "Villahermosa"]
[Date "2021.08.08"]
[Round "8"]
[White "Carreras Mendiolea, Paulina Adriana"]
[Black "Corrales Jimenez, Zenia"]
[Result "0-1"]
[WhiteElo "1792"]
[BlackElo "2191"]
[PlyCount "76"]
[EventDate "2021.08.05"]
[EventType "swiss"]
[EventRounds "9"]
[EventCountry "MEX"]
[SourceTitle "EXT 2022"]
[Source "ChessBase"]
[SourceDate "2021.10.06"]
[SourceVersion "1"]
[SourceVersionDate "2021.10.06"]
[SourceQuality "1"]

1. e4 c5 2. Nf3 Nc6 3. d4 cxd4 4. Nxd4 g6 5. Be3 Bg7 6. Nc3 d6 7. Qd2 Nf6 8. f3 0-0 9. Bc4 Bd7 10. 0-0-0 Rc8 11. Bb3 Ne5 12. g4 b5 13. Kb1 b4 14. Nd5 Nxd5 15. Bxd5 e6 16. Bb7 Nc4 17. Qf2 Rb8 18. Ba6 Nxe3 19. Qxe3 Qb6 20. Be2 e5 21. Nf5 gxf5 22. Qg5 f4 23. Qe7 Qd8 24. Qxd6 Be6 25. Qc5 Qb6 26. Qe7 Bf6 27. Qd6 Rfd8 28. Qxb6 Rxb6 29. Bd3 a5 30. h4 a4 31. b3 axb3 32. axb3 Be7 33. Rdg1 Bc5 34. Re1 Bxb3 35. Kb2 Be6 36. g5 b3 37. h5 bxc2+ 38. Kxc2 Bb3+ 0-1

[Event "Villahermosa Mexican op (Women)"]
[Site "Villahermosa"]
[Date "2021.08.08"]
[Round "7"]
[White "Corrales Jimenez, Zenia"]
[Black "Avila Fraire, Ameyalli"]
[Result "1-0"]
[WhiteElo "2191"]
[BlackElo "1976"]
[PlyCount "59"]
[EventDate "2021.08.05"]
[EventType "swiss"]
[EventRounds "9"]
[EventCountry "MEX"]
[SourceTitle "EXT 2022"]
[Source "ChessBase"]
[SourceDate "2021.10.06"]
[SourceVersion "1"]
[SourceVersionDate "2021.10.06"]
[SourceQuality "1"]

1. e4 c5 2. Nf3 Nc6 3. d4 cxd4 4. Nxd4 Nf6 5. Nc3 d6 6. Bg5 e6 7. Qd2 a6 8. 0-0-0 Bd7 9. f4 Be7 10. Nf3 b5 11. Bxf6 gxf6 12. Kb1 b4 13. Ne2 e5 14. Ng3 h5 15. Bc4 Qb6 16. fxe5 Nxe5 17. Nxe5 fxe5 18. Qd5 Rc8 19. Qxf7+ Kd8 20. b3 h4 21. Nf5 Bxf5 22. Qxf5 Rc5 23. Rhf1 Qc6 24. Qg6 a5 25. Rf6 Qc7 26. Rfxd6+ Bxd6 27. Qf6+ Qe7 28. Rxd6+ Ke8 29. Qxh8+ Qf8 30. Rd8+ 1-0